000 00333nam a2200133Ia 4500
005 20251222155121.0
008 251222s9999||||xx |||||||||||||| ||spa||
082 _aMAN.07.10
100 _aO.P.S.
245 0 _aGuíaDiseño Utilización Evaluación Materiales
250 _a1ra. ed.
264 _bOPS/OMS
942 _cLIB
999 _c38428
_d38428